Normal view
MARC view
- مهارات قانونية -- مهارات إدارية -- مكافحة الفساد
Entry Topical Term
001 - CONTROL NUMBER
- control field: 34396
003 - CONTROL NUMBER IDENTIFIER
- control field: JO-AjAnu
005 - DATE AND TIME OF LATEST TRANSACTION
- control field: 20230606075749.0
008 - FIXED-LENGTH DATA ELEMENTS
- fixed length control field: 230606|| aca||aabn | a|a d
040 ## - CATALOGING SOURCE
- Original cataloging agency: JO-AjAnu
- Transcribing agency: JO-AjAnu
150 ## - HEADING--TOPICAL TERM
- Topical term or geographic name entry element: مهارات قانونية -- مهارات إدارية -- مكافحة الفساد
670 ## - SOURCE DATA FOUND
- Source citation: Work cat.: (JO-AjAnu)17667: المنظمة العربية للتنمية الإدارية, author 34395, تنمية المهارات القانونية والإدارية للقيادات ودورها في مكافحة الفساد "بحوث وأوراق عمل"